| 000 | 00871cam a22003017a 4500 | ||
|---|---|---|---|
| 999 |
_c29427 _d29427 |
||
| 001 | 1651058 | ||
| 003 | OSt | ||
| 005 | 20171205200213.0 | ||
| 008 | 970213s1996 ke 000 0 swa | ||
| 010 | _a 96982314 | ||
| 020 | _a9966468137 | ||
| 020 | _a9966467297 | ||
| 040 |
_aDLC _cDLC _dDLC |
||
| 042 | _alcode | ||
| 050 | 0 | 0 | _aMLCS 96/01451 (P) |
| 100 | 1 |
_aMbogo, E. _q(Emanuel), _d1947- |
|
| 245 | 1 | 0 |
_aVipuli vya figo / _cEmmanuel Mbogo. |
| 250 | _aToleo la 1. | ||
| 260 |
_aNairobi : _bEast African Educational Publishers, _c1996. |
||
| 300 |
_a262 p. ; _c18 cm. |
||
| 440 | 0 |
_aWaandishi wa Kiafrika ; _vS39 |
|
| 520 | _aA novel. | ||
| 546 | _aIn Swahili. | ||
| 906 |
_a7 _bcbc _corigode _du _encip _f19 _gy-gencatlg |
||
| 942 |
_2lcc _cAFRICANA _hPL 8704 .M378 2014 |
||